<?xml version="1.0" encoding="UTF-8"?>
<collection xmlns="http://www.loc.gov/MARC21/slim">
 <record>
  <leader>04793nam a22002891a 4500</leader>
  <controlfield tag="001">1/30696</controlfield>
  <controlfield tag="008">060911s2000    lu            000 0 gre  </controlfield>
  <datafield tag="022" ind1="0" ind2=" ">
   <subfield code="a">0254-1483</subfield>
  </datafield>
  <datafield tag="028" ind1="3" ind2="1">
   <subfield code="a">KT-CO-00-777-GR-C</subfield>
  </datafield>
  <datafield tag="028" ind1="3" ind2="1">
   <subfield code="a">2000/0306 (ACV)</subfield>
  </datafield>
  <datafield tag="028" ind1="3" ind2="1">
   <subfield code="a">2000/0307 (CNS)</subfield>
  </datafield>
  <datafield tag="028" ind1="3" ind2="1">
   <subfield code="a">2000/0308 (CNS)</subfield>
  </datafield>
  <datafield tag="028" ind1="3" ind2="1">
   <subfield code="a">2000/0309 (CNS)</subfield>
  </datafield>
  <datafield tag="028" ind1="3" ind2="1">
   <subfield code="a">2000/0310 (CNS)</subfield>
  </datafield>
  <datafield tag="035" ind1=" " ind2=" ">
   <subfield code="l">32898</subfield>
  </datafield>
  <datafield tag="040" ind1=" " ind2=" ">
   <subfield code="a">GR-PeUP</subfield>
  </datafield>
  <datafield tag="084" ind1=" " ind2=" ">
   <subfield code="2">KET</subfield>
   <subfield code="a">COM (2000) 774 τελικό</subfield>
  </datafield>
  <datafield tag="110" ind1="2" ind2=" ">
   <subfield code="a">Επιτροπή των Ευρωπαϊκών Κοινοτήτων.</subfield>
  </datafield>
  <datafield tag="245" ind1="1" ind2="0">
   <subfield code="a">Πρόταση κανονισμού του Συμβουλίου για τροποποίηση του κανονισμού (ΕΚ) αριθ. 1260/1999 περί γενικών διατάξεων τα διαρθρωτικά ταμεία για Πρόταση κανονισμού του Συμβουλίου τροποποιητικού, όσον αφορά τα μέτρα διαρθρωτικού χαρακτήρα, του κανονισμού (ΕΟΚ) αριθ. 3763/91 για ειδικά μέτρα που αφορούν ορισμένα γεωργικά προϊόντα στα γαλλικά υπερπόντια διαμερίσματα. Πρόταση κανονισμού του Συμβουλίου τροποποιητικού, όσον αφορά τα μέτρα διαρθρωτικού χαρακτήρα, του κανονισμού (ΕΟΚ) αριθ. 1600/92 για ειδικά μέτρα υπέρ των Αζορών και της Μαδέρας όσον αφορά ορισμένα γεωργικά προϊόντα. Πρόταση κανονισμού του Συμβουλίου τροποποιητικού, όσον αφορά τα μέτρα διαρθρωτικού χαρακτήρα, του κανονισμού (ΕΟΚ) αριθ. 1601/92 για ειδικά μέτρα που αφορούν ορισμένα γεωργικά προϊόντα υπέρ των Καναρίων Νήσων. Πρόταση κανονισμού του Συμβουλίου τροποποιητικού του κανονισμού (ΕΚ) αριθ. 2792/1999 περί καθορισμού των λεπτομερών κανόνων και ρυθμίσεων σχετικά με την κοινοτική διαρθρωτική βοήθεια στον τομέα αλιείας:</subfield>
   <subfield code="b">υποβληθείσες από την Επιτροπή/</subfield>
   <subfield code="c">Επιτροπή των Ευρωπαϊκών Κοινοτήτων</subfield>
  </datafield>
  <datafield tag="246" ind1="1" ind2="0">
   <subfield code="a">Πρόταση κανονισμού του Συμβουλίου τροποποιητικού του κανονισμού (ΕΚ) αριθ. 2792/1999 περί καθορισμού των λεπτομερών κανόνων και ρυθμίσεων σχετικά με την κοινοτική διαρθρωτική βοήθεια στον τομέα αλιείας.</subfield>
  </datafield>
  <datafield tag="246" ind1="1" ind2="0">
   <subfield code="a">Πρόταση κανονισμού του Συμβουλίου τροποποιητικού, όσον αφορά τα μέτρα διαρθρωτικού χαρακτήρα, του κανονισμού (ΕΟΚ) αριθ. 1601/92 για ειδικά μέτρα που αφορούν ορισμένα γεωργικά προϊόντα υπέρ των Καναρίων Νήσων.</subfield>
  </datafield>
  <datafield tag="246" ind1="1" ind2="0">
   <subfield code="a">Πρόταση κανονισμού του Συμβουλίου τροποποιητικού, όσον αφορά τα μέτρα διαρθρωτικού χαρακτήρα, του κανονισμού (ΕΟΚ) αριθ. 1600/92 για ειδικά μέτρα υπέρ των Αζορών και της Μαδέρας όσον αφορά ορισμένα γεωργικά προϊόντα.</subfield>
  </datafield>
  <datafield tag="246" ind1="1" ind2="0">
   <subfield code="a">Πρόταση κανονισμού του Συμβουλίου τροποποιητικού, όσον αφορά τα μέτρα διαρθρωτικού χαρακτήρα, του κανονισμού (ΕΟΚ) αριθ. 3763/91 για ειδικά μέτρα που αφορούν ορισμένα γεωργικά προϊόντα στα γαλλικά υπερπόντια διαμερίσματα..</subfield>
  </datafield>
  <datafield tag="260" ind1="0" ind2=" ">
   <subfield code="a">Βρυξέλλες, Λουξεμβούργο:</subfield>
   <subfield code="b">Υπηρεσία Επισήμων Εκδόσεων των Ευρωπαϊκών Κοινοτήτων,</subfield>
   <subfield code="c">29.11.2000</subfield>
  </datafield>
  <datafield tag="300" ind1=" " ind2=" ">
   <subfield code="a">21 σ.</subfield>
  </datafield>
  <datafield tag="852" ind1=" " ind2=" ">
   <subfield code="a">INST</subfield>
   <subfield code="b">UNIPILB</subfield>
   <subfield code="c">KET</subfield>
   <subfield code="e">20060911</subfield>
   <subfield code="h">COM (2000) 774</subfield>
   <subfield code="p">COM (2000) 774</subfield>
   <subfield code="q">COM (2000) 774</subfield>
   <subfield code="t">NOLOAN</subfield>
   <subfield code="y">23</subfield>
   <subfield code="4">1</subfield>
  </datafield>
  <datafield tag="856" ind1="4" ind2="1">
   <subfield code="u">http://eur-lex.europa.eu/LexUriServ/LexUriServ.do?uri=COM:2000:0774:FIN:EL:PDF</subfield>
  </datafield>
 </record>
</collection>
